1. KBS MSBS GROT - budowa - Statystyki

Ogólne statystyki
  • Ten quiz został rozwiązany 414 razy
  • Średni wynik to 6 z 9
Statystyki odpowiedzi
Nr. Odpowiedź % Poprawnych
4. lufa
85%
7. magazynek
81%
1. kolba teleskopowa
75%
3. komora zamkowa
67%
6. komora spustowa
65%
8. suwadło z zamkiem
64%
5. mechanizm powrotny
61%
9. łoże
57%
2. mechaniczne przyrządy celownicze
39%
Nie znaleziono quizów pasujących do podanych kryteriów
Rozkład punktacji
Procent ludzi z każdym wynikiem
Percentyl według liczby udzielonych odpowiedzi
Twoja historia wyników
Nie rozwiązałeś tego quizu